000 nam a22 a 4500
999 _c2209
_d2209
003 AKMAL
005 20170515154249.0
008 170515s1985 xxua b 001 0 eng d
020 _a0395358043
040 _aAKMAL
082 0 4 _a370.1 ORN
090 _a370.1
_bORN
100 1 _aOrnstein, Allan C.
_94647
245 1 3 _aAn introduction to the foundations of education /
_cAllan C. Ornstein, Daniel U. Levine.
250 _a3rd ed.
260 _aBoston :
_bH.Mifflin,
_c1985.
300 _axvii, 557, [28]p. :
_bill. ;
_c24cm
504 _aIncludes bibliographies
650 0 _aTeaching
_vHandbooks, manuals, etc.
_94648
650 _aEducation
_zUnited States
_94649
700 1 _aLevine, Daniel U.,
_d1935-
_94650
942 _2ddc
_cBOOK